| 000 | 00842nam a2200253Ia 4500 | ||
|---|---|---|---|
| 008 | 130821s2004 ag gr spa | ||
| 020 | _a9505000434 | ||
| 040 |
_aCo-BoUCM _bspa |
||
| 041 | 0 | 0 | _aspa |
| 100 | 1 |
_aWacquant, Loic _d1960 _9161910 |
|
| 245 | 1 | 4 |
_aLas cárceles de la miseria _cLoic Wacquant ; traducción de Horacio Pons |
| 260 |
_aBuenos Aires (Argentina) _bManantial _c2004 |
||
| 300 | _a192 páginas | ||
| 504 | _aIncluye bibliografía. | ||
| 650 | 0 | 4 |
_aMarginalidad social _918990 |
| 650 | 0 | 4 |
_aPobreza urbana _921749 |
| 650 | 0 | 4 |
_aPrisiones _xCondiciones sociales _922294 |
| 650 | 0 | 4 |
_aSociología _9386 |
| 650 | 0 | 4 |
_aViolencia _vAspectos sociales _9422 |
| 700 | 1 |
_aPons, Horacio _etr. _961888 |
|
| 765 | 1 | 4 | _aLes prisions de la misére. |
| 942 |
_cLIBRO _a5 _e1 _mW115c _2DEWEY _h305 |
||
| 999 |
_c46150 _d46150 |
||